La integración regional y la génesis de la comunidad política en Centroamérica: 1902-1906 = Central America integration and the genesis of the political comunity: 1902-1906 /
El artículo analiza la formación de la comunidad política regional centroamericana en los inicios del siglo XX. Se enfatiza en el estudio del proceso de integración política centroamericana a partir del Tratado de Corinto de 1902 y la posterior suscripción del Tratado de Paz, Amistad y Comercio de 1...
Sparad:
| Huvudupphovsman: | |
|---|---|
| Materialtyp: | Text |
| Ämnen: | |
| Länkar: | solano.edgar@gmail.com |
| Taggar: |
Lägg till en tagg
Inga taggar, Lägg till första taggen!
|
MARC
| LEADER | 00000 a a2200000 04500 | ||
|---|---|---|---|
| 001 | 39985 | ||
| 003 | |||
| 040 | |||
| 100 | |a Solano Muñoz, Edgar | ||
| 245 | |a La integración regional y la génesis de la comunidad política en Centroamérica: 1902-1906 = |b Central America integration and the genesis of the political comunity: 1902-1906 / |c Edgar Solano Muñoz | ||
| 520 | |a El artículo analiza la formación de la comunidad política regional centroamericana en los inicios del siglo XX. Se enfatiza en el estudio del proceso de integración política centroamericana a partir del Tratado de Corinto de 1902 y la posterior suscripción del Tratado de Paz, Amistad y Comercio de 1906, suscrito en San José, Costa Rica. El concepto central del artículo es el de comunidad política, desde el cual se aborda la dinámica socio-política regional centroamericana y su relación con los procesos de integración regional. | ||
| 590 | |a EFU/AGOSTO2010 | ||
| 650 | |a 1.INTEGRACION REGIONAL | ||
| 650 | |a 2.HISTORIA POLITICA | ||
| 650 | |a 3.CENTROAMERICA | ||
| 650 | |a 4.ACUERDOS INTERNACIONALES | ||
| 773 | |g número120 ( , 2008), páginas 113-128 | ||
| 856 | |u solano.edgar@gmail.com | ||
| 999 | |c 35200 |d 35200 | ||
| 773 | 0 | |0 18728 |9 3024 |a Universidad de Costa Rica |d San José, Costa Rica Editorial UCR 1956- |o 07868 |t Revista de Ciencias Sociales/ |x 04825276 | |
